| 000 | 01082nas a2200349 4500 | ||
|---|---|---|---|
| 001 | BR2012003380 | ||
| 003 | BR-BrBNA | ||
| 005 | 20231205120600.0 | ||
| 007 | ta | ||
| 008 | 230509b bl.|||p| |||| 00| 00por d | ||
| 040 |
_aBR-BrBNA _bpor _cBiblioteca Nacional de Agricultura |
||
| 041 | _a(En) | ||
| 072 | _aQ03; D50 | ||
| 100 | 1 | _aRezende, C.P. | |
| 100 | 1 | _aAlmeida, M.P. | |
| 100 | 1 | _aBrito, R.B. | |
| 100 | 1 | _aNonaka, C.K. | |
| 100 | 1 | _aLeite, M.O. | |
| 245 | 1 | _aOptimisation and validation of a quantitative and confirmatory LC-MS method for multi-residue analyses of beta-lactam and tetracycline antibiotics in bovine muscle | |
| 650 | _aALIMENTO | ||
| 650 | _aBOVINO | ||
| 650 | _aCARNE | ||
| 650 | _aMUSCULO | ||
| 650 | _aPRODUTO DE ORIGEM ANIMAL | ||
| 650 | _aRESIDUO | ||
| 650 | _aMEDICAMENTO | ||
| 650 | _aANALISE MICROBIOLOGICA | ||
| 650 | _aLEGISLAÇÃO | ||
| 773 | 0 |
_tFood Additives and Contaminants (UK) _xISSN 1944-0049 _g(Apr 2012), v. 29(4) p. 541-549 _wBR2012003380 |
|
| 909 |
_a202311 _bLúcia _c55 _dLúcia Elande |
||
| 942 |
_2AGRIS _n0 _cANA |
||
| 999 |
_c219247 _d219247 |
||